Представление документа в формате MARC21

Поле Инд. ПП Название Значение
Тип записи a
Библиографический уровень m
001 Контрольный номер d42c3167-ee72-4c38-8e9e-dd9583222daa
005 Дата корректировки 20250415104341.3
008 Кодируемые данные 950630s1995 rur 00000 rus d
020 a ISBN 5-09-007043-1
040 a Служба первич. каталог. НБ ТвГУ
041 0_ a Код языка текста rus
080 a Индекс УДК 808.2(075.3)
a Индекс УДК 882.09(075.3)
a Индекс УДК 82.0(075.3)
084 a Индекс другой классификации/Индекс ББК Ш141.12-922
a Индекс другой классификации/Индекс ББК Ш40я721-1
a Индекс другой классификации/Индекс ББК Ш5(2=411.2)я721-1
090 x Авторский знак Г 70
a Полочн. индекс Ш141.12
100 1_ a Автор Горшков Александр Иванович
q Полное имя Горшков А. И.
245 10 a Заглавие Русская словесность. 10-11 классы
b Продолж. заглавия от слова к словесности : учебное пособие для учащихся общеобразовательных учреждений
250 a Основные сведения об издании 2-е изд.
260 0_ a Место издания Москва
b Издательство Просвещение
c Дата издания 1996
300 a Объем 335,[1] с.
b Иллюстрации/ тип воспроизводства ил.
653 0_ a Ключевые слова Русская словесность
a Ключевые слова Русский язык
a Ключевые слова Учебники для средней школы
901 t Тип документа m
920 a Оператор Семен
930 a Новая/Ретро Учебники
952 c Вид литературы К ру